Medaliści igrzysk olimpijskich w tenisie - gra pojedyncza mężczyzn - Statystyki

Ogólne statystyki
  • Ten quiz został rozwiązany 25 razy
  • Średni wynik to 48 z 57
Statystyki odpowiedzi
Rok i miejsce Medal Reprezentacja % Poprawnych
1908, Londyn Srebro Cesarstwo Niemieckie
100%
1912, Sztokholm Brąz Cesarstwo Niemieckie
100%
2008, Pekin Złoto Hiszpania
100%
1992, Madryt Srebro Hiszpania
100%
1996, Atlanta Srebro Hiszpania
100%
2024, Paryż Srebro Hiszpania
100%
2021,Tokio Brąz Hiszpania
100%
2021,Tokio Złoto Niemcy
100%
2000, Sydney Srebro Niemcy
100%
2000, Sydney Złoto Rosja
100%
2021, Tokio Srebro Rosyjski Komitet Olimpijski
100%
1992, Madryt Złoto Szwajcaria
100%
2012, Londyn Srebro Szwajcaria
100%
2024, Paryż Złoto Serbia
96%
2008, Pekin Brąz Serbia
96%
1904, St Louis Złoto Stany Zjednoczone
96%
1924, Paryż Złoto Stany Zjednoczone
96%
1996, Atlanta Złoto Stany Zjednoczone
96%
1904, St Louis Srebro Stany Zjednoczone
96%
1988, Seul Srebro Stany Zjednoczone
96%
2004, Ateny Srebro Stany Zjednoczone
96%
1904, St Louis Brąz Stany Zjednoczone
96%
1896, Ateny Złoto Wielka Brytania
96%
1900, Paryż Złoto Wielka Brytania
96%
1908, Londyn Złoto Wielka Brytania
96%
1908, Londyn Złoto Wielka Brytania
96%
2012, Londyn Złoto Wielka Brytania
96%
2016, Rio de Janeiro Złoto Wielka Brytania
96%
1900, Paryż Srebro Wielka Brytania
96%
1908, Londyn Srebro Wielka Brytania
96%
1912, Sztokholm Srebro Wielka Brytania
96%
1900, Paryż Brąz Wielka Brytania
96%
1908, Londyn Brąz Wielka Brytania
96%
1908, Londyn Brąz Wielka Brytania
96%
1924, Paryż Brąz Włochy
96%
2024, Paryż Brąz Włochy
96%
1912, Sztokholm Złoto Francja
92%
1924, Paryż Srebro Francja
92%
2000, Sydney Brąz Francja
92%
1920, Antwerpia Srebro Japonia
88%
2016, Rio de Janeiro Brąz Japonia
88%
2016, Rio de Janeiro Srebro Argentyna
83%
2012, Londyn Brąz Argentyna
83%
1912, Sztokholm Brąz Australia
83%
1896, Ateny Srebro Grecja
75%
1988, Seul Brąz Szwecja
75%
1992, Madryt Brąz Chorwacja
58%
2004, Atheny Złoto Chile
50%
2008, Pekin Srebro Chile
50%
2004, Ateny Brąz Chile
50%
1896, Ateny Brąz Węgry
46%
1988, Seul Złoto Czechosłowacja
42%
1912, Sztokholm Złoto Związek Południowej Afryki
38%
1920, Antwerpia Złoto Związek Południowej Afryki
38%
1912, Sztokholm Srebro Związek Południowej Afryki
38%
1920, Antwerpia Brąz Związek Południowej Afryki
38%
1996, Atlanta Brąz Indie
25%
Nie znaleziono quizów pasujących do podanych kryteriów
Rozkład punktacji
Procent ludzi z każdym wynikiem
Percentyl według liczby udzielonych odpowiedzi
Twoja historia wyników
Nie rozwiązałeś tego quizu